People Who Accepted Their Razzie Awards - Picture Quiz - Statistics

General Stats
  • This quiz has been taken 92 times
  • The average score is 7 of 12
Answer Stats
Picture Hint Answer % Correct
2018 - So Rotten You Loved It
Baywatch
Dwayne Johnson
95%
2005 - Worst Actress
Catwoman
Halle Berry
89%
2004 - Worst Actor
Paycheck
Ben Affleck
85%
1988 - Worst Screenplay
Leonard Part 6
Bill Cosby
83%
2010 - Worst Actress
All About Steve
Sandra Bullock
80%
1993 - Worst Supporting Actor
Christopher Columbus: The Discovery
Tom Selleck
66%
2025 - Worst Director
Megalopolis
Francis Ford Coppola
54%
2002 - Worst Director/Actor etc.
Freddy Got Fingered
Tom Green
46%
2016 - Worst Actor
Fifty Shades of Gray
Jamie Dornan
36%
1996 - Worst Director
Showgirls
Paul Verhoeven
23%
1993 - Worst Original Song
Newsies
Alan Menken
16%
2021 - Worst Screen Couple
Sex And The City 2
David Eigenberg
6%
No matching quizzes found
Score Distribution
Percent of People with Each Score
Percentile by Number Answered
Your Score History
You have not taken this quiz